000 00417nam a22001451a 4500
020 _a8185693593
082 _a203.509 5496
_bJEF/V
100 _aJeff Lidke
_9163871
245 _aVishvarupa Mandir:
_ba study of changu narayan, Nepal's most ancient temple/
_cby Jeff Lidke
260 _aNew Delhi:
_bNirala,
_c1996.
300 _a213p.
650 _aTemple Nepal
_9163872
650 _aReligion
_9163873
942 _cBK
999 _c50108
_d50108